000 00590nam a2200229Ia 4500
003 OSt
005 20221005124043.0
006 a|||||r|||| 00| 0
007 ta
008 221004b |||||||| |||| 00| 0 mal d
024 _a59114
037 _cTextual
040 _aCRL
_cCRL
_bmal
041 _2mal
_amal
082 _aW691xM7, 32J9.2
100 _aDamodaran Tr.
_9634632
245 0 _aMarxism Leninism thinte atisthana tatvangal
260 _c1959
650 _aMARXISM
942 _hW691xM7, 32J9.2
_cTEXL
_2cc
999 _c1049324
_d1049324